00605nam a2200205Ia 450000500170000000800410001702000150005808200210007310000180009424500630011226000380017530000170021365000160023065000080024665000140025465000130026894200060028195200970028799900150038420250117054319.0240331s9999 xx 000 0 und d a0415031990 bSEI23577a305.3 aSeidler, V. J 0aRediscovering Masculinity:bReason, Language and Sexuality aLondonaNew YorkbRoutledgec1989 axvi, 234 p., aMasculinity aMen aSexuality aPolitics cL 001040708LaWERCLbWERCLcSSCd2024-03-31l0o 305.3 SEIp3577r2024-03-31w2024-03-31yL c1606d1606